000 01323cab a2200229 4500
001 ABS67457
008 040203n2003 000 0 eng u
035 _a(Sirsi) u124984
100 _aMason, S.
245 4 _aThe signature in electronic conveyancing: an unresolved issue?
260 _c2003
490 _aThe Conveyancer
_v(67) November/December 2003, 460-472(13)
520 _aExamines in detail the concept of digital signatures in electronic conveyancing as laid down in the Land Registration Act 2002 s91. Sets out the statutory background, explains what digital signatures are and how they are used, describes the security issues arising out of their use and discusses the legal implications of possible security failures. Concludes that practitioners should scrutinise very carefully the proposals that HM Land Registry will make as to the conditions to govern access to an electronic conveyancing system, as to the security requirements to be imposed on users and as to how risks of forgery will be allocated (expressly or by implication).
590 _aABS
650 _aPEPPER V HART
650 _aELECTRONIC COMMUNICATIONS ACT 2000
650 _aLAND REGISTRATION ACT 2002 S91
650 _aDIGITAL SIGNATURES
690 _aPROPERTY AND LAND LAW-CONVEYANCING
700 _aBohm, N.
942 _n0
999 _c74095
_d74095